Financial disclosure practices in developing countries : evidence from the Libyan banking sector /
Saved in:
| Main Author: | |
|---|---|
| Format: | Thesis |
| Language: | English |
| Published: |
Dundee, Scotland :
School of Accounting and Finance, University of Dundee,
2009
|
| Subjects: | |
| Tags: |
Add Tag
No Tags, Be the first to tag this record!
|
| LEADER | 009570000a22002170004500 | ||
|---|---|---|---|
| 008 | 141205t2009 stka g m 000 0 eng d | ||
| 040 | |a UIAM |b eng | ||
| 043 | |a f-ly--- | ||
| 050 | 4 | |a HG3385 | |
| 100 | 1 | |a Kribat, Musa M.J. | |
| 245 | 1 | 0 | |a Financial disclosure practices in developing countries : |b evidence from the Libyan banking sector / |c Musa M.J. Kribat |
| 260 | |a Dundee, Scotland : |b School of Accounting and Finance, University of Dundee, |c 2009 | ||
| 300 | |a xvi, 419 leaves : |b ill. ; |c 30 cm. | ||
| 502 | |a Thesis (Ph.D.)--University of Dundee, 2009. | ||
| 504 | |a Includes bibliographical references (leaves 347-371). | ||
| 596 | |a 4 | ||
| 655 | 0 | 7 | |a Theses, Facsimile edition (Islamic) |
| 710 | 2 | |a University of Dundee. |b School of Accounting and Finance | |
| 900 | |a hj-mrm | ||
| 999 | |c 435727 |d 470423 | ||
| 952 | |0 0 |6 TI HG 003385 K92F 2009 |7 0 |8 THESES |9 760085 |a IIiBFL |b IIiBFL |c CLOSEACCES |g 700.00 |o ti HG 3385 K92F 2009 |p 11100338272 |r 2017-10-26 |t 1 |v 700.00 |y THESIS | ||
